Normal view
MARC view
- Cruz, Carmen Yaribel
Entry Nombre Personal
001 - NUMERO DE CONTROL
- campo de control: 59583
003 - IDENTIFICADOR DE NUMERO DE CONTROL
- campo de control: UPN
005 - FECHA Y HORA DE LA ÜLTIMA TRANSACCIÓN
- campo de control: 20260519131519.0
008 - DATOS DE LONGITUD FIJA
- campo de control de longitud fija: 260519nabaccnnaabn|||||||||| b |nc|||||d
024 7# - OTROS IDENTIFICADORES NORMALIZADOS
- Fuente: orcid
- Número normalizado o código: https://orcid.org/0000-0001-7129-848X
035 ## - NUMERO DE CONTROL
- Número de control: UPN11000003909
040 ## - FUENTE DE CATALOGACIÓN
- Lenguaje de catalogación: spa
- Agencia original de catalogación: MX-MxUPN
100 1# - ENCABEZAMIENTO - NOMBRE PERSONAL
- Nombre personal: Cruz, Carmen Yaribel
370 ## - LUGAR ASOCIADO
- Associated country: Costa Rica
373 ## - GRUPO ASOCIADO
- Associated group: Fundación Omar Dengo
374 ## - OCUPACIÓN
- Occupation: Docencia e investigación universitaria
377 ## - LENGUA ASOCIADA
- Language code: spa
670 ## - FUENTE EN LA QUE SE LOCALIZARON DATOS
- Cita de la fuente: En recurso en línea: REDIE : revista electrónica de investigación educativa, Vol. 27 (2025)
- Información localizada: (Carmen Yaribel Cruz)
- Uniform Resource Identifier: https://redie.uabc.mx/redie/article/view/5978
902 ## - CATALOGADOR
- Catalogador: Leonor Sotress/190526
